000 00982nam a22002177a 4500
999 _c15880
_d15880
003 AR-CdUCM
008 190430b ||||| |||| 00| 0 spa d
020 _a84-7505-601-6
040 _aMUNICIPALIDAD PROVINCIAL DEL CUSCO
_cBIBLIOTECA MUNICIPAL DEL CUSCO
082 _aEP / 985.052 /
_bM86
110 _aOCÉANO
_935075
245 _aCajita de sorpresas :
_bexpresiones para los mas chiquitos /
260 _aEspaña :
_bOceano,
_c1983.
300 _a2 volúmenes ;
_bIlustraciones,
_c28 cm.
505 _aContenido : vii : Dibujo y pintura con ceras -- Con cola vinilica -- Con fibras temperas -- Con otros materiales diversos -- Para fiestas de navidad -- viii : ¡A jugar! -- juegos para divertirte -- Juegos de animación -- Juegos para escuchar, ver y tocar -- Juegos de percepción -- Jugando con...
650 _atexto para niños
_928088
650 _aAprende jugando
_933735
650 _aJuegos de habilidad
_935076
942 _2ddc
_cLIBROS
945 _awnts
_d2019-04-30